State Capitals That Beat Atlanta - Statistics

General Stats
  • This quiz has been taken 147 times
  • The average score is 9 of 10
Answer Stats
Rank Category Answer % Correct
10 Most Populous Phoenix | Austin | Columbus | Indianapolis | Denver | Boston | Nashville | Oklahoma City | Sacramento
100%
8 Furthest South Honolulu | Austin | Tallahassee | Baton Rouge | Jackson | Montgomery | Phoenix
99%
9 Hottest Average Temperature Honolulu | Phoenix | Austin | Tallahassee | Baton Rouge | Columbia | Montgomery | Jackson
99%
5 Closest to Cuba Tallahassee | Montgomery | Baton Rouge | Columbia
99%
8 Most Populous in 1900 Boston | Providence | Indianapolis | St. Paul | Denver | Columbus | Albany
97%
8(t) Most Precipitation Juneau | Baton Rouge | Tallahassee | Jackson | Montgomery | Olympia | Nashville | Little Rock(t)
97%
5 Most Guessed on the Jetpunk state capitals quiz Sacramento | Denver | Honolulu | Phoenix
97%
3 Most Populous in 1960 Boston | Denver
93%
3 First Alphabetically Albany | Annapolis
92%
2(t) Lowest Scrabble Score Austin | Boise(t) | Salem(t) | Trenton(t)
76%
No matching quizzes found
Score Distribution
Percent of People with Each Score
Percentile by Number Answered
Your Score History
You have not taken this quiz